000 01140nam a22002777a 4500
005 20240530110612.0
008 161120s2015 ua g b 000 0 ara d
017 _a2014/20642
_bمصر . دار الكتب المصرية
020 _a9789774279386
040 _aEG-CaGPL
082 0 4 _221
_a188\
_bط ف
100 0 _aطارق عبد المحسن
245 0 2 _aالفلسفة العملية عند ابكتيتوس الرواقي :
_bمع ترجمة لكتابه المختصر وشرح قضاياه /
_cطارق عبد المحسن ؛ راجعه وقدم له مصطفى النشار
250 _aط. 1
260 _aالقاهرة :
_bالدار المصرية اللبنانية ،
_c2015
300 _a285 ص. ؛
_c24 سم.
504 _aببليوجرافية : ص275 - 281
600 1 _aابكتيتوس
650 0 7 _2qrmak
_aالفلسفة
650 0 7 _2qrmak
_aالفلسفة
_xتاريخ
650 0 7 _2qrmak
_aالفلسفة اليونانية
650 0 7 _2qrmak
_aالفلسفة الرواقية
700 0 _aمصطفى النشار
_eمراجع
942 _2ddc
_cBK
999 _c62877
_d62877